000 00269nam a22001217a 4500
003 SGT
082 _a616.89
_bC12B
100 _aBHAITA, M.S.
245 _aCBS QUICK MEDICAL EXAM, PSYCHIATRY
260 _aINDIA
_bCBS
_c2012
650 _aPSYCHIATRY
942 _2ddc
_cBK
999 _c14659
_d14659